[Event "7th Sinquefield Cup GCT 2019"]
[White "So, Wesley"]
[Black "Giri, Anish"]
[Site "Saint Louis"]
[Round "3.4"]
[Annotator "TA"]
[Result "1/2-1/2"]
[Date "2019.08.19"]
[WhiteElo "2776"]
[BlackElo "2779"]
[PlyCount "74"]

1. d4 {} Nf6 2. c4 e6 3. Nf3 d5 4. g3 Be7 5. Bg2 0-0 6. 0-0 dxc4 7. Qc2 a6 8. a4 Bd7 9. Qxc4 Bc6 10. Bg5 Nbd7 11. Nc3 h6 12. Bxf6 Nxf6 13. b4 Bd5 {E05: Open Catalan:
5 Nf3 Be7} 14. Nxd5 exd5 15. Qb3 c6 16. e3 Bd6 {[#]} 17. Rab1 $146 ({
Predecessor:} 17. Rfc1 Ne4 18. Ne1 h5 19. b5 axb5 20. axb5 Qb6 21. Bxe4 Rxa1 22. Rxa1 dxe4 {1/2-1/2 (41) Cornette,M (2581)-Maze,S (2627) Agen 2016} )Qe7 18. Rfd1 g6 19. Ne1 Kg7 20. b5 axb5 21. axb5 {The position is equal.} Qd7 22. Nd3 Rfc8 23. bxc6 bxc6 24. Qc2 Ra6 25. Rdc1 Qa7 26. Bf3 Rb8 27. Rxb8 Qxb8 28. Kg2 h5 29. Nc5 Bxc5 30. Qxc5 Qb2 31. Qc3 Qb8 32. h4 Qb7 33. Rc2 Rb6 34. Qc5 Ra6 35. Qc3 Rb6 36. Qc5 Ra6 37. Qc3 Rb6 {Accuracy: White = 38%, Black = 72%.} 1/2-1/2

[Event "7th Sinquefield Cup GCT 2019"]
[White "Nakamura, Hikaru"]
[Black "Karjakin, Sergey"]
[Site "Saint Louis"]
[Round "3.5"]
[Annotator "TA"]
[Result "1/2-1/2"]
[Date "2019.08.19"]
[WhiteElo "2743"]
[BlackElo "2750"]
[PlyCount "208"]

1. d4 {} Nf6 2. c4 e6 3. Nf3 d5 4. g3 Bb4+ 5. Bd2 Be7 6. Bg2 0-0 7. 0-0 Nbd7 8. a4 {E11: Bogo-Indian} (8. Nc3 c6 9. Bf4 dxc4 10. e4 Re8 11. a4 b6 12. d5 exd5 13. exd5 Bb7 14. a5 bxa5 15. d6 Bf8 16. Nd2 Nd5 17. Nxd5 cxd5 18. Nxc4 dxc4 19. Bxb7 {1/2-1/2 (42) Nakamura,H (2777)
-Karjakin,S (2773) Saint Louis 2018} )a5 9. Qc2 c6 10. Na3 Ne4 11. Bf4 g5 12. Be3 f5 13. Rad1 {[#]} Qe8 $146 ({Predecessor:} 13... Bf6 14. Nb1 Qe7 15. Nc3 b6 {0-1 (35) Gelfand,B (2724)-Ding,L (2773) Moscow 2017} )14. Qc1 {} h6 15. Ne5 Kh7 16. f3 Nef6 17. b3 Bd6 18. f4 g4 19. Nc2 {} h5 20. Ne1 Rh8 21. N1d3 Kg7 22. Bf2 Rh6 23. Qe3 Nf8 (23... Kg8 {is more complex.} 24. c5 Bc7 25. Rb1 Rh7 26. Be1 Bd8 )24. Rb1 Ng6 25. Nxg6 (25. c5 {seems wilder.} Be7 26. h4 gxh3 27. Bxh3 Nxe5 28. Nxe5 Kg8 29. Kg2 )Qxg6 26. c5 Bc7 27. b4 axb4 28. Rxb4 Rh7 29. Ne5 Qe8 30. Ra1 Ba5 31. Rb3 $36 { White has some pressure.} Qd8 32. Qc1 Ra7 33. Be1 Rh8 34. Bxa5 Qxa5 35. Qc3 Qxc3 36. Rxc3 Ra5 37. Rb3 Rh7 38. Rb4 Kf8 39. h4 Ke8 40. e3 Kd8 41. Nd3 Kc7 42. Nc1 Rh8 43. Nb3 Ra7 44. Kf1 Bd7 45. Ke1 Rha8 46. Kd2 Be8 47. Kc3 Bd7 48. a5 Be8 49. Rb6 Bd7 50. Kb4 Be8 51. Rg1 Nd7 52. Bf1 Bf7 53. Bd3 Be8 54. Ra1 Bf7 55. Kc3 Be8 56. Rb4 Nb8 57. Rba4 Bd7 58. Nc1 Be8 59. Bc2 Bd7 60. R4a3 Be8 61. Bd3 Bd7 62. Ne2 Be8 63. Kb4 Na6+ 64. Kb3 Nb8 65. Nc3 Bd7 66. Kb2 Kd8 67. Nd1 Kc7 68. Nf2 Be8 69. Bc2 Bd7 70. Nd3 Be8 71. Bd1 Kc8 72. Be2 Kc7 73. Nb4 Bd7 74. Kc2 Be8 75. Nd3 Bd7 76. Nc1 Be8 77. Nb3 Bd7 78. Ra4 Be8 79. Rb4 Bf7 80. Rb6 Nd7 81. Bd3 Be8 82. Kc3 Bf7 83. Rb1 Rb8 84. Rb4 Be8 85. Kd2 Bf7 86. Ke1 Be8 87. Kf1 Bf7 88. Kf2 Be8 89. Kg2 Bf7 90. a6 (90. Ra4 {looks sharper.} Nf6 91. Ra2 Ne4 92. Bxe4 fxe4 93. Kf2 )bxa6 91. Rxb8 Nxb8 92. Na5 Be8 (92... Nd7 $11 )93. Rb6 $16 { White has strong compensation.} Bd7 {
[#]} 94. Bc2 $1 Be8 95. Ba4 Bd7 96. Kf2 Be8 97. Ke1 Bd7 98. Kd2 Be8 99. Kc3 Bd7 100. Kb4 Be8 101. Bc2 Bd7 102. Ba4 Be8 103. Bc2 Bd7 $1 104. Ba4 Be8 {Accuracy:
White = 63%, Black = 70%.} 1/2-1/2

[Event "7th Sinquefield Cup GCT 2019"]
[White "Nepomniachtchi, Ian"]
[Black "Mamedyarov, Shakhriyar"]
[Site "Saint Louis"]
[Round "3.6"]
[Annotator "TA"]
[Result "1/2-1/2"]
[Date "2019.08.19"]
[WhiteElo "2774"]
[BlackElo "2764"]
[PlyCount "105"]

1. e4 {} e5 2. Nf3 Nc6 3. Bb5 a6 4. Ba4 Nf6 5. 0-0 Bc5 ({Predecessor:} 5... b5 6. Bb3 Bc5 7. a4 Bb7 8. c3 {1/2-1/2 (24) Jensen,E (2505)-Szczepanski,Z
(2557) ICCF email 2012} )6. c3 b5 7. Bb3 d6 8. a4 Bb7 $146 {C78: Ruy Lopez:
Archangelsk and Möller Defences} (8... Rb8 9. d4 Bb6 10. a5 Ba7 11. h3 0-0 12. Be3 Ra8 13. Nbd2 h6 14. Re1 Re8 15. Qb1 exd4 16. cxd4 Nb4 17. Ra3 c5 18. dxc5 dxc5 19. Bxf7+ Kxf7 {0-1 (33) Lagarde,M (2612)-Jones,G (2698) Reykjavik 2019} )9. d4 Bb6 10. Bg5 h6 {White is slightly better.} 11. Bxf6 Qxf6 12. Bd5 0-0 13. dxe5 dxe5 14. Qe2 bxa4 15. Nbd2 Rad8 16. Nc4 Bc8 17. Rxa4 Ne7 18. Nxb6 cxb6 19. c4 a5 20. Qe3 Ba6 21. Rc1 Rc8 22. Raa1 Qd6 23. h3 Nxd5 24. cxd5 f5 (24... Bb5 $1 $11 )25. Rxc8 Bxc8 26. Rd1 fxe4 27. Qxe4 Re8 $1 28. Nd2 b5 29. Qd3 Qb4 (29... Rd8 $11 {remains equal.} )30. Ne4 (30. d6 $16 )Kh8 $1 $14 31. d6 {
[#] aiming for d7!} Bf5 $1 { The position is equal.} 32. f3 {
Threatens to win with Qd5.} Rd8 $1 33. Qc2 (33. Rd2 {with more complications.} Bxe4 34. fxe4 Qc5+ 35. Kh2 a4 36. Qf3 )Rxd6 34. Rxd6 Qxd6 35. Nxd6 Bxc2 36. Nxb5 $11 { Endgame KB-KN} Kg8 37. Nd6 Bd3 38. Kf2 Kf8 39. Nb7 a4 $1 40. Ke3 Bf1 41. Nc5 Bxg2 42. h4 g5 43. hxg5 hxg5 44. Nxa4 Bh3 45. Nc5 Bc8 46. b4 {[#] Hoping for b5.} g4 47. fxg4 Bxg4 48. Ke4 Ke7 49. Kxe5 Be2 50. Ne4 Kd7 51. Nc3 Bf1 52. b5 Bxb5 53. Nxb5 {Accuracy: White = 69%, Black = 71%.} 1/2-1/2

[Event "7th Sinquefield Cup GCT 2019"]
[White "Anand, Viswanathan"]
[Black "So, Wesley"]
[Site "Saint Louis"]
[Round "4.1"]
[Annotator "TA"]
[Result "1/2-1/2"]
[Date "2019.08.20"]
[WhiteElo "2756"]
[BlackElo "2776"]
[PlyCount "84"]

1. e4 {} e5 2. Nf3 Nf6 3. Nxe5 d6 4. Nf3 Nxe4 5. d4 d5 6. Bd3 Bf5 7. 0-0 Be7 8. Re1 0-0 9. c4 Nc6 10. cxd5 {
C42: Petroff Defence: 3 Nxe5 and unusual White 3rd moves} Qxd5 11. Nc3 Nxc3 12. bxc3 {White is slightly better.} Bxd3 13. Qxd3 Rae8 14. Rb1 b6 {[#]} 15. Bf4 $146 { White is more active.} ({Predecessor:} 15. c4 Qd7 16. d5 Bf6 17. Bf4 Na5 18. h3 Nb7 19. Nh2 Be7 20. Ng4 Bd6 21. Bxd6 Qxd6 {1/2-1/2 (21)
Sevian,S (2620)-Nisipeanu,L (2687) Tbilisi 2017} )Bd6 (15... Qd7 $11 )16. Ng5 $14 {} f5 17. Rxe8 $1 Rxe8 18. c4 Qa5 $2 (18... Qxd4 $14 19. Qxf5 Qxf4 20. Qd5+ (20. Qxh7+ $2 Kf8 $19 )Kf8 )19. Bd2 $18 Nb4 20. Qf3 (20. Bxb4 Bxb4 21. g3 h6 $14 )(20. Qf1 $1 $18 {and the rest is easy.} )h6 $16 {[#]} 21. Bxb4 ({Don't play} 21. Qh5 $6 Re7 $11 )({Better is} 21. a3 $1 $16 {} Qa4 22. axb4 (22. Bxb4 hxg5 23. Qd5+ {
Double Attack} Kh8 $16 )hxg5 23. Qd5+ (23. Qxf5 Bxb4 24. Be3 Be7 $16 )(23. Bxg5 Qxb4 { Double Attack} 24. Qd5+ Kh8 $11 )Kh8 24. Qxf5 )Qxb4 $11 22. Qd5+ Kh8 {} 23. Nf7+ Kh7 {} 24. Rf1 $1 ({Not} 24. Qxf5+ $2 g6 $19 )Re1 25. Qxf5+ Kg8 {Threatens to win with .
..Rxf1+.} 26. Nxd6 cxd6 (26... Qd2 $11 27. Qd5+ Kh7 28. Qf5+ Kg8 29. Qf7+ Kh7 30. Qf5+ Kg8 )27. Qd3 (27. Qc2 {feels hotter.} Re7 28. Qb3 Qxb3 29. axb3 Re2 30. Ra1 )Rxf1+ 28. Kxf1 { Endgame KQ-KQ} Qb2 29. a3 d5 30. cxd5 {And now g3 would win.} Qa1+ 31. Ke2 Qa2+ 32. Ke3 Qxd5 33. g3 b5 34. Qc3 Qe6+ 35. Kd3 a5 {[#]} 36. Qxa5 (36. Qc5 $1 $16 )Qc4+ {The position is
equal.} 37. Ke3 Qe6+ $1 38. Kd2 Qa2+ $1 39. Ke1 Qb1+ $1 40. Kd2 {Hoping for
Qa8+.} Qa2+ $1 41. Ke3 Qe6+ 42. Kd2 Qa2+ $1 {Accuracy: White = 46%, Black =
74%.} 1/2-1/2

[Event "7th Sinquefield Cup GCT 2019"]
[White "Mamedyarov, Shakhriyar"]
[Black "Carlsen, Magnus"]
[Site "Saint Louis"]
[Round "4.2"]
[Annotator "TA"]
[Result "1/2-1/2"]
[Date "2019.08.20"]
[WhiteElo "2764"]
[BlackElo "2882"]
[PlyCount "135"]

1. d4 {} d5 2. c4 c6 3. Nc3 Nf6 4. e3 e6 5. Nf3 Nbd7 6. Qc2 Bd6 7. Bd3 dxc4 8. Bxc4 b5 9. Be2 0-0 10. 0-0 a6 11. Rd1 Qc7 12. e4 e5 13. g3 Re8 14. a3 {D46: Semi-Slav:
5 e3 Nbd7 6 Bd3, Black avoids the Meran} (14. dxe5 Nxe5 15. Bg5 Nxf3+ 16. Bxf3 Be5 17. Rac1 Bh3 18. Bxf6 gxf6 19. Qe2 Be6 20. Bg4 Qe7 21. Qf3 Rad8 {0-1 (68)
Le,Q (2739)-Navara,D (2737) Saint Louis 2017} )exd4 15. Nxd4 Be5 16. Bf3 c5 17. Nde2 Bb7 18. Be3 c4 {[#]} 19. b4 $146 ({Predecessor:} 19. b3 )cxb3 20. Qxb3 Nc5 21. Bxc5 $1 Qxc5 22. Rac1 Qb6 23. Na4 Qa7 24. Nc5 Rac8 25. Nd7 Rxc1 ({Not} 25... Nxe4 $2 26. Bxe4 Bxe4 27. Nxe5 $18 )26. Nxc1 h6 27. Nxf6+ Bxf6 ({Wrong is} 27... gxf6 $2 28. Rd7 $1 $18 {} )28. Rd7 Re7 29. Rd8+ (29. Rxe7 $1 $11 Bxe7 30. Bh5 Bxe4 31. Qxf7+ Kh7 32. Qe6 )Kh7 $15 30. Qd3 {Black must now prevent e5+.} Be5 31. Rh8+ { Decoy} Kxh8 32. Qd8+ Kh7 33. Qxe7 Bd4 34. Qxf7 Bxf2+ 35. Kg2 Bc8 36. Qa2 ({Better is} 36. Qb3 $15 )Bb6 $17 37. e5 Bf5 ({Black should play} 37... Qd7 $17 {( -> ...Qh3+)
} 38. Qe2 g5 )38. g4 $11 Bg6 39. Ne2 (39. h4 $11 )Qc7 (39... Qe7 $17 40. Qd5 Qc5 )40. Nf4 (40. Qe6 $1 $11 {keeps the balance.} )Qc2+ 41. Qxc2 Bxc2 $15 { Endgame KBB-KBN} 42. Nd5 Bc5 43. Nb4 Bb3 {Strongly
threatening ...a5.} 44. Nxa6 Bxa3 45. Nc7 Bc4 46. e6 Bd6 {Hoping for ...b4.} 47. Bc6 b4 {And now ...b3 would win.} 48. Nd5 $1 Kg6 49. e7 (49. Kf2 $15 )Bxd5+ $1 $17 50. Bxd5 Bxe7 {KB-KB} 51. Kf3 Kf6 $1 52. Ke4 {[#]} Kg5 $1 53. Kf3 {[#]} Kh4 $1 54. Be6 Bg5 (54... Bd6 $19 55. h3 Bc5 )55. Kg2 Bf4 56. h3 Kg5 57. Kf3 Kf6 58. Bg8 Ke5 59. h4 g5 60. hxg5 (60. h5 $142 )hxg5 61. Ke2 Kd4 62. Kd1 Kc3 63. Bf7 b3 64. Be6 Be3 65. Bf7 Bf4 66. Be6 $1 Be3 67. Bf7 $1 Bf4 68. Be6 $1 {Accuracy: White = 73%, Black = 71%.} 1/2-1/2

[Event "7th Sinquefield Cup GCT 2019"]
[White "Caruana, Fabiano"]
[Black "Aronian, Levon"]
[Site "Saint Louis"]
[Round "4.3"]
[Annotator "TA"]
[Result "1-0"]
[Date "2019.08.20"]
[WhiteElo "2818"]
[BlackElo "2765"]
[PlyCount "105"]

1. e4 {} e5 2. Nf3 Nc6 3. Bb5 Nf6 4. d3 Bc5 5. c3 0-0 6. 0-0 {
C65: Ruy Lopez: Berlin Defence (3...Nf6), unusual lines and 4 0-0 Bc5} Re8 (6... d6 7. Ba4 Ne7 8. Bc2 Ng6 9. d4 Bb6 10. a4 c6 11. dxe5 Nxe5 12. Nxe5 dxe5 13. Qxd8 Rxd8 14. a5 Bc5 {1-0 (39) Carlsen,M (2845)-Grischuk,A (2771) Shamkir
2019} )7. d4 Bb6 8. d5 {The position is equal.} Ne7 9. Nxe5 Nxe4 10. Qf3 $146 ({Predecessor:} 10. Bd3 Nf6 11. d6 cxd6 12. Nc4 Bc7 13. Bg5 Ng6 14. Bxg6 hxg6 15. Nxd6 Bxd6 16. Qxd6 {1/2-1/2 (46) Quirhuayo Chumbe,G (2220)-Cuellar,D (2376)
Lima 2016} )Nf6 11. d6 $1 cxd6 12. Nc4 d5 13. Nd6 Rf8 14. Bg5 Ne4 15. Nxe4 dxe4 16. Qxe4 f6 {[#] ...d5 is the strong threat.} 17. Be3 d5 18. Qf3 Ng6 {} 19. Na3 Bc7 20. Rad1 Ne5 21. Qe2 a6 22. Ba4 Bg4 23. f3 Be6 $1 24. Bb3 Re8 25. f4 Nc6 26. Qf3 {} Bb6 27. Nc2 Na5 28. Bxd5 Bxd5 29. Rxd5 Bxe3+ 30. Nxe3 Qb6 {And now ...Nc4
would win.} 31. Rd3 Nc4 {} 32. Qd5+ Kf8 $1 33. Qxc4 Rxe3 34. Rxe3 Qxe3+ $14 { Endgame KQR-KQR} 35. Kh1 Rd8 36. h3 b5 37. Qc6 Qe2 38. Rf3 Qxb2 (38... h5 $11 )39. Qxa6 h5 40. Kh2 h4 41. Qa7 Kg8 42. Qe7 Qd2 43. Re3 Qd6 44. Qe4 Qd5 45. Qb4 (45. Qg6 $14 Qd2 46. Re8+ Rxe8 47. Qxe8+ {
Double Attack} Kh7 48. Qh5+ (48. Qxb5 Qxf4+ 49. Kg1 Qc1+ 50. Kh2 Qf4+ 51. Kh1 Qc1+ 52. Kh2 Qf4+ $11 )Kg8 49. Qxh4 )Rc8 (45... Qf5 $11 {keeps the
balance.} )46. a4 $36 { White is on the
roll.} Qc5 $2 { [#]} (46... bxa4 $16 47. Qxa4 Qf5 )47. Re8+ $1 $18 {
} Kh7 (47... Rxe8 48. Qxc5 )48. Rxc8 { Overworked Piece} Qxc8 49. axb5 Qf5 50. b6 {White mates.} Qd3 51. c4 Qg3+ 52. Kh1 Qd3 53. c5 {
Accuracy: White = 76%, Black = 54%.} 1-0

[Event "7th Sinquefield Cup GCT 2019"]
[White "Nakamura, Hikaru"]
[Black "Ding, Liren"]
[Site "Saint Louis"]
[Round "4.4"]
[Annotator "TA"]
[Result "1/2-1/2"]
[Date "2019.08.20"]
[WhiteElo "2743"]
[BlackElo "2805"]
[PlyCount "94"]

1. e4 {} e5 2. Nf3 Nc6 3. Bb5 a6 4. Ba4 Nf6 5. 0-0 Be7 6. Re1 b5 7. Bb3 0-0 8. h3 Bb7 9. d3 d6 10. a3 Qd7 11. Nc3 Rfe8 {C88: Closed Ruy Lopez: Anti-Marshall Systems} 12. Nd5 Nxd5 13. exd5 {[#]} Na7 $146 ({Predecessor:} 13... Nd4 14. Nxd4 exd4 15. Bd2 Bf6 16. Qg4 Qxg4 17. hxg4 h6 18. Rxe8+ Rxe8 {1/2-1/2 (41) Vachier Lagrave,
M (2686)-Tkachiev,V (2644) Pau 2012} )14. d4 exd4 15. Qxd4 c5 16. dxc6 $1 Nxc6 17. Qd3 Bf6 {[#] ...Nd4! is the strong threat.} 18. Bd2 Ne5 19. Rxe5 Rxe5 ({
Much worse is} 19... Bxe5 $6 20. Ng5 $14 )20. Nxe5 Bxe5 21. c3 Qc6 {
 [#]} 22. f3 d5 23. Re1 Bc7 24. Bc2 g6 25. Bh6 Re8 26. Rxe8+ Qxe8 27. Qe3 (27. Be3 {looks sharper.} Qe5 28. f4 Qf6 29. Qd2 Bc8 30. a4 )Qxe3+ 28. Bxe3 $11 { Endgame KBB-KBB} f5 29. f4 Kf7 30. g3 Ke6 31. Kf2 h5 32. h4 Bc6 33. Ba7 Bd8 34. Ke3 Bf6 35. Bb6 Kd6 36. Kd2 Bd7 37. Kd3 Bc6 38. Bd1 Bd7 39. Bf3 Bc6 40. Kc2 (40. Be2 {keeps more tension.} Bd7 41. Bd4 Bd8 42. Be5+ Kc5 43. Bf3 )d4 {The position is equal.} 41. Bxc6 Kxc6 42. Bxd4 {KB-KB} Be7 $1 43. Kd3 Kd5 44. Be3 Bd6 45. Bd4 Be7 46. Be3 Bd6 47. Bd4 Be7 {
Accuracy: White = 81%, Black = 71%.} 1/2-1/2

[Event "7th Sinquefield Cup GCT 2019"]
[White "Giri, Anish"]
[Black "Vachier-Lagrave, Maxime"]
[Site "Saint Louis"]
[Round "4.5"]
[Annotator "TA"]
[Result "1/2-1/2"]
[Date "2019.08.20"]
[WhiteElo "2779"]
[BlackElo "2778"]
[PlyCount "89"]

1. d4 {} Nf6 2. c4 g6 3. Nc3 d5 4. cxd5 Nxd5 5. e4 Nxc3 6. bxc3 Bg7 7. Bc4 c5 8. Ne2 Nc6 9. Be3 0-0 10. 0-0 b6 11. Rc1 {D87: Exchange Grünfeld: Classical Line: Variations
without ...cxd4} Bb7 12. Bb5 (12. Qd2 e6 13. Rfd1 Rc8 14. f3 cxd4 15. cxd4 Qd6 16. Bh6 Bxh6 17. Qxh6 Na5 18. Bd3 Rxc1 19. Qxc1 {1/2-1/2 (50) Nakamura,H (2746)
-Vachier Lagrave,M (2781) London 2018} )Rc8 13. Qd2 Na5 $146 ({
Predecessor:} 13... e6 14. Rfd1 a6 15. Bxc6 Bxc6 16. d5 Ba4 17. Re1 exd5 18. exd5 Re8 {1/2-1/2 (30) Moeckl,L-Ter Steeg,R ICCF email 2014} )14. d5 e6 {
} 15. c4 a6 16. Ba4 $1 exd5 17. exd5 Nxc4 18. Rxc4 b5 19. Bxb5 axb5 20. Rxc5 Qd7 21. Rxc8 Rxc8 22. Rd1 Rd8 {} 23. Qb4 Rc8 (23... Qc6 $5 )24. Qb3 Rd8 {} 25. Nc3 Bxc3 $1 26. Qxc3 {[#] And now Bh6 would
win.} Qc6 27. Qxc6 (27. dxc6 $2 {gets mated.} Rxd1+ 28. Qe1 Rxe1# )Bxc6 $14 { Endgame KRB-KRB} 28. d6 f6 29. h4 Bd7 30. a3 Re8 31. Bc5 Re4 32. Bb4 Rxh4 33. Re1 {[#] Hoping for Re7.} Rd4 $1 34. Re7 Bf5 35. Re8+ Kf7 36. Re7+ (36. Rh8 {with more complications.} Rd1+ 37. Kh2 g5 38. f3 Kg6 39. Rb8 )Kg8 37. f3 {aiming for g4.} h5 38. Rb7 Rd5 39. g3 g5 {The position is
equal.} 40. Kf2 Be6 41. Re7 Bf5 42. Rb7 Be6 43. Re7 Bf5 44. Ra7 Be6 45. Re7 {
Accuracy: White = 53%, Black = 71%.} 1/2-1/2

[Event "7th Sinquefield Cup GCT 2019"]
[White "Karjakin, Sergey"]
[Black "Nepomniachtchi, Ian"]
[Site "Saint Louis"]
[Round "4.6"]
[Annotator "TA"]
[Result "1/2-1/2"]
[Date "2019.08.20"]
[WhiteElo "2750"]
[BlackElo "2774"]
[PlyCount "41"]

1. d4 {} Nf6 2. c4 g6 3. g3 c6 4. Bg2 d5 5. Nf3 Bg7 6. Qb3 0-0 7. Nc3 Qb6 8. 0-0 Rd8 {The position is equal.} 9. Bd2 {D78: Fianchetto Grünfeld: 6 0-0 c6} dxc4 10. Qxc4 Be6 11. Qa4 Bf5 12. Rfd1 $146 ({Predecessor:} 12. Rfe1 Ne4 13. Nxe4 Bxe4 14. Ba5 Qa6 15. Qa3 Re8 16. Bf1 c5 17. dxc5 Bxb2 {1/2-1/2 (17) Ding,L (2813)
-Nepomniachtchi,I (2763) Wijk aan Zee 2019} )a5 13. Nh4 Bd7 ({Wrong is} 13... Qxd4 $2 14. Be3 $18 )14. Qc2 Qxd4 15. Nf3 Qb6 16. Be3 Qc7 17. Nb5 Qc8 18. Na7 Qc7 19. Nb5 $1 {} Qc8 20. Na7 Qc7 {[#] Threatens to win with ..
.Na6.} 21. Nb5 $1 {Accuracy: White = 77%, Black = 73%.} 1/2-1/2

[Event "7th Sinquefield Cup GCT 2019"]
[White "So, Wesley"]
[Black "Caruana, Fabiano"]
[Site "Saint Louis"]
[Round "5.1"]
[Annotator "TA"]
[Result "1/2-1/2"]
[Date "2019.08.21"]
[WhiteElo "2776"]
[BlackElo "2818"]
[PlyCount "72"]

1. c4 {} e5 2. g3 Nf6 3. Bg2 c6 4. Nf3 e4 5. Nd4 Qb6 6. Nb3 {A20:
English Opening: 1...e5} (6. Nc2 d5 7. 0-0 dxc4 8. Nc3 Na6 9. d3 exd3 10. exd3 Be7 11. Re1 Be6 12. dxc4 0-0 13. Be3 {1/2-1/2 (64) Nakamura,H (2746)-Caruana,F
(2832) London 2018} )a5 { Strongly threatening
...a4.} 7. d3 a4 8. N3d2 $1 {White has an edge.} Bc5 9. 0-0 $146 ({Predecessor:
} 9. e3 exd3 10. Nc3 Qa6 11. b3 a3 12. Nde4 Be7 13. Bd2 {1/2-1/2 (38) Meier,G 
(2657)-Baklan,V (2618) Biel 2016} )e3 10. fxe3 Bxe3+ 11. Kh1 Ng4 12. Ne4 0-0 13. Nbc3 d5 14. cxd5 Bxc1 15. Qxc1 Ne3 16. Rf3 Nxg2 17. Kxg2 Qd8 18. Qg5 f6 $1 { The position is equal.} 19. Nxf6+ Rxf6 20. Ne4 Nd7 21. Raf1 Kh8 $1 22. Nxf6 Nxf6 23. e4 {} Bd7 $1 24. Rxf6 gxf6 25. Rxf6 Qe7 26. Qf4 Kg8 27. d6 $1 {} Qg7 28. e5 {Threatens to win with e6.} Re8 29. Qc4+ Kh8 30. Rf7 Qxe5 { [#] Double Attack} 31. Rxd7 $11 { Endgame Black must now prevent Qf7. KQR-KQR} Qe2+ 32. Kh3 {And now Qf7
would win.} Qf1+ $1 33. Kh4 {White wants to mate with Qd4+.} Qf6+ {
Double Attack} 34. Kh3 {aiming for Qc3.} Qf1+ 35. Kh4 {Qd4+ would kill now.} Qf6+ { [#] Double Attack} 36. Kh3 {Hoping for Qc3.} Qf1+ {Accuracy:
White = 86%, Black = 90%.} 1/2-1/2

[Event "7th Sinquefield Cup GCT 2019"]
[White "Vachier-Lagrave, Maxime"]
[Black "Anand, Viswanathan"]
[Site "Saint Louis"]
[Round "5.2"]
[Annotator "TA"]
[Result "1/2-1/2"]
[Date "2019.08.21"]
[WhiteElo "2778"]
[BlackElo "2756"]
[PlyCount "49"]

1. e4 {} e5 2. Nf3 Nc6 3. Bc4 Bc5 4. c3 Nf6 5. d3 d6 6. 0-0 a6 7. a4 h6 8. Re1 {C54: Giuoco Piano: 4 c3 Nf6, main lines
with 5 d4 and 5 d3} a5 $146 ({Predecessor:} 8... 0-0 9. h3 a5 10. d4 Ba7 11. Bb3 Re8 12. Bc2 Bd7 13. Na3 Qc8 14. Nb5 Bb6 15. Bb1 exd4 16. cxd4 {0-1 (34)
Giri,A (2797)-Karjakin,S (2753) Shamkir 2019} )9. d4 Ba7 10. h3 g5 (10... 0-0 $11 {keeps the balance.} )11. dxe5 (11. Na3 $16 )Nxe5 $11 12. Nxe5 dxe5 13. Qxd8+ Kxd8 14. Bxf7 g4 15. hxg4 Nxg4 16. Be3 $1 {} Bxe3 17. fxe3 h5 18. Bc4 h4 19. Nd2 h3 20. gxh3 {The position is equal.} Rxh3 {Black
wants to play ...Ke7.} 21. Rf1 $1 Rg3+ 22. Kh1 Rh3+ 23. Kg1 Rg3+ 24. Kh1 Rh3+ 25. Kg1 {Accuracy: White = 38%, Black = 59%.} 1/2-1/2

[Event "7th Sinquefield Cup GCT 2019"]
[White "Carlsen, Magnus"]
[Black "Karjakin, Sergey"]
[Site "Saint Louis"]
[Round "5.3"]
[Annotator "TA"]
[Result "1/2-1/2"]
[Date "2019.08.21"]
[WhiteElo "2882"]
[BlackElo "2750"]
[PlyCount "93"]

1. d4 {} Nf6 2. c4 e6 3. Nf3 d5 4. Nc3 Be7 5. Bf4 0-0 6. e3 b6 7. Bd3 dxc4 {D37: Queen's Gambit Declined: 5 Bf4} 8. Bxc4 Ba6 9. Qe2 Bxc4 {White has an edge.} 10. Qxc4 c5 11. dxc5 Bxc5 12. 0-0 Qc8 13. Rfd1 Nbd7 {[#]} 14. Qe2 $146 ({Predecessor:} 14. Ng5 Be7 15. Qe2 {1/2-1/2 
(71) Cheparinov,I (2687)-Dominguez Perez,L (2723) Varadero 2016} )Re8 15. Nd2 Qb7 16. Qf3 Qxf3 17. gxf3 Rec8 18. Nde4 Bf8 19. Nd6 Rc6 {[#] aiming for ...
e5.} 20. Bg3 a6 21. Rac1 Bxd6 22. Rxd6 Rxd6 23. Bxd6 Rc8 24. Rd1 h6 25. f4 b5 26. Be7 Rc6 27. Kg2 Nb6 28. e4 Nc4 29. Rd8+ Kh7 30. Bxf6 gxf6 $11 {
Endgame KRN-KRN} 31. Nd1 Kg6 32. b3 Rd6 33. Rxd6 Nxd6 {KN-KN} 34. f3 Kh5 35. Kg3 b4 36. Ne3 f5 37. exf5 Nxf5+ 38. Nxf5 exf5 {KP-KP} 39. Kf2 Kh4 40. Kg2 a5 41. Kf2 Kh3 42. Kg1 h5 (42... f6 $5 )43. Kh1 h4 (43... f6 $5 )44. Kg1 f6 45. Kh1 {[#]} a4 $1 {} 46. bxa4 b3 47. axb3 {Accuracy: White = 79%,
Black = 77%.} 1/2-1/2

[Event "7th Sinquefield Cup GCT 2019"]
[White "Ding, Liren"]
[Black "Giri, Anish"]
[Site "Saint Louis"]
[Round "5.4"]
[Annotator "TA"]
[Result "1-0"]
[Date "2019.08.21"]
[WhiteElo "2805"]
[BlackElo "2779"]
[PlyCount "93"]

1. d4 {} Nf6 2. c4 e6 3. Nf3 d5 4. Nc3 Bb4 5. Bg5 h6 6. Bxf6 Qxf6 7. Qa4+ Nc6 8. e3 0-0 {D38:
Queen's Gambit Declined: Ragozin Defence (4 Nf3 Bb4)} 9. Rc1 Rd8 10. Be2 dxc4 {
The position is equal.} 11. Bxc4 Bxc3+ $146 ({Predecessor:} 11... Bd7 12. Qc2 Bd6 13. 0-0 a6 14. Rfd1 Qe7 15. a3 Rac8 16. Ba2 {1-0 (39) Navara,D (2737)-Leko,
P (2678) Biel 2017} )12. bxc3 Bd7 13. Be2 e5 {Strongly threatening ...Nxd4.} 14. Qc2 Bf5 15. Qb2 e4 16. Nd2 Na5 17. 0-0 c5 18. Rfd1 Rac8 19. Nf1 Bg6 20. Ng3 (20. Qb5 $5 {} b6 21. Qa6 $11 )Qg5 21. Qb1 f5 22. dxc5 Rxc5 23. Rd4 Bf7 24. Rcd1 Rdc8 25. Bb5 g6 ({Much worse is} 25... Rxc3 $6 26. Bd7 $16 )26. Ne2 Qf6 27. Ba4 Qe5 28. Bb3 {Hoping for Bxf7+.} Nxb3 29. axb3 R5c7 30. c4 a6 31. Nf4 b5 {} 32. Nd5 Rc6 {} 33. c5 a5 ({Don't play
} 33... Rxc5 34. Nb6 $16 )(33... b4 $16 )34. b4 $1 $18 axb4 35. Qxb4 Rb8 (35... Kh7 $16 {was necessary.} )36. Nb6 $1 { Threatens to win with Nd7.} Be6 $2 (36... Qxc5 37. Qxc5 Rxc5 )37. Nd7 $1 { Overworked
Piece} Bxd7 38. Rd5 {[#]} Qe7 $2 (38... Qxd5 $1 {} 39. Rxd5 Be6 )39. Rxd7 Qxc5 40. Qb3+ Qc4 {[#]} 41. Qb2 $1 {} Qc3 {[#]} 42. Qa2+ $1 Rc4 43. g3 Rbc8 44. R1d6 Kf8 45. Rxg6 b4 46. Rxh6 {White
threatens Qd2 and mate.} f4 47. gxf4 {Accuracy: White = 75%, Black = 36%.} 1-0